000 00347nam a2200133Ia 4500
008 221030s9999 xx 000 0 und d
041 _aEnglish
100 _aE. K. Meislich
245 0 _aSchaum`s 3000 Solved Problems in Organic Chemistry
_cby E. K. Meislich, H. Meishlich
260 _c0
650 _aB
700 _aH. Meishlich
942 _cBK
999 _c17382
_d17382